000
00203 a2200109 4500
020
_a
9781581054033
041
_a
spa
100
_a
Alma Flor Ada
245
_a
Anton Pirulero
942
_c
BK
952
_7
1
999
_c
19484
_d
19484